[Event "Montcada op 22nd"]
[Site "Montcada"]
[Date "2014.06.26"]
[Round "2"]
[White "Llorente Pupo, Ramon"]
[Black "Masferrer Niubo, Enric"]
[Result "1-0"]
[WhiteElo "2277"]
[BlackElo "1996"]
[PlyCount "81"]
[EventDate "2014.06.25"]
[EventType "swiss"]
[EventRounds "9"]
[EventCountry "ESP"]
[SourceTitle "CBM 161 Extra"]
[Source "ChessBase"]
[SourceDate "2014.08.29"]
[SourceVersion "1"]
[SourceVersionDate "2014.08.29"]
[SourceQuality "1"]

1. Nf3 Nf6 2. c4 g6 3. Nc3 Bg7 4. e4 d6 5. d4 0-0 6. Be2 e5 7. 0-0 Nc6 8. d5 Ne7 9. b4 a5 10. Ba3 b6 11. bxa5 Rxa5 12. Bb4 Ra8 13. a4 Ne8 14. Qb3 f5 15. a5 bxa5 16. Rxa5 Rxa5 17. Bxa5 Bd7 18. c5 fxe4 19. Nxe4 Bg4 20. cxd6 Nxd6 21. Nxd6 Bxf3 22. Bxf3 Qxd6 23. Bxc7 Rxf3 24. Qb8+ Rf8 25. Qxf8+ Bxf8 26. Bxd6 Nxd5 27. Bxf8 Kxf8 28. Re1 Kf7 29. Rxe5 Nf6 30. f3 Nh5 31. Ra5 h6 32. Ra7+ Kf6 33. Rh7 Kg5 34. g3 Nf6 35. h4+ Kh5 36. Rh8 Nd5 37. Kf2 Nc7 38. Rc8 Ne6 39. Rc6 Ng7 40. g4+ Kxh4 41. Rxg6 1-0

[Event "Coimbra op"]
[Site "Coimbra"]
[Date "2014.04.27"]
[Round "7"]
[White "Llorente Pupo, Ramon"]
[Black "Dias, Ivo Rodrigues"]
[Result "1-0"]
[WhiteElo "2254"]
[BlackElo "1985"]
[PlyCount "119"]
[EventDate "2014.04.25"]
[EventType "swiss"]
[EventRounds "7"]
[EventCountry "POR"]
[SourceTitle "CBM 160 Extra"]
[Source "ChessBase"]
[SourceDate "2014.07.01"]
[SourceVersion "1"]
[SourceVersionDate "2014.07.01"]
[SourceQuality "1"]

1. Nf3 Nf6 2. c4 e6 3. Nc3 d5 4. d4 c6 5. e3 Nbd7 6. Qc2 Bd6 7. Bd3 dxc4 8. Bxc4 b5 9. Be2 Bb7 10. Bd2 0-0 11. 0-0 a6 12. a4 Rc8 13. Ng5 h6 14. Nge4 Be7 15. Nxf6+ Nxf6 16. Ne4 c5 17. Nxf6+ Bxf6 18. dxc5 Qd5 19. Bf3 Rxc5 20. Qd1 Qd7 21. Bb4 Qxd1 22. Raxd1 Bxf3 23. Bxc5 Rc8 24. gxf3 Rxc5 25. Rd6 a5 26. Rb6 bxa4 27. Ra1 Rc2 28. Rxa4 Bxb2 29. Rxa5 Bf6 30. Ra4 Rd2 31. Rb7 h5 32. Kg2 Bg5 33. Kf1 Rd1+ 34. Ke2 Rh1 35. Ra8+ Kh7 36. Rxf7 Rxh2 37. Raa7 Bh6 38. Kf1 Rh1+ 39. Kg2 Rb1 40. Ra6 Rb2 41. Rxe6 h4 42. f4 h3+ 43. Kxh3 Rxf2 44. Kg3 Ra2 45. Kf3 Ra3 46. Rd7 Ra1 47. Ke4 Ra4+ 48. Kf5 Ra5+ 49. Kg4 Ra4 50. e4 Rb4 51. f5 Rb1 52. f6 Rg1+ 53. Kh3 Rf1 54. Kg2 Rf4 55. e5 Rg4+ 56. Kh3 Rf4 57. f7 Rf3+ 58. Kg2 Rf5 59. Re8 g5 60. f8Q+ 1-0

[Event "Coimbra op"]
[Site "Coimbra"]
[Date "2014.04.26"]
[Round "4"]
[White "Llorente Pupo, Ramon"]
[Black "Santos, Inacio Eduardo Andr"]
[Result "1-0"]
[WhiteElo "2254"]
[BlackElo "1788"]
[PlyCount "51"]
[EventDate "2014.04.25"]
[EventType "swiss"]
[EventRounds "7"]
[EventCountry "POR"]
[SourceTitle "CBM 160 Extra"]
[Source "ChessBase"]
[SourceDate "2014.07.01"]
[SourceVersion "1"]
[SourceVersionDate "2014.07.01"]
[SourceQuality "1"]

1. Nf3 Nf6 2. c4 c5 3. Nc3 g6 4. e4 Bg7 5. d4 cxd4 6. Nxd4 d6 7. Be2 0-0 8. 0-0 Nc6 9. Be3 Ne5 10. h3 a6 11. Rc1 b6 12. f4 Ned7 13. Nc6 Qc7 14. Nxe7+ Kh8 15. Ncd5 Qb7 16. Bf3 Nxd5 17. Nxd5 Nc5 18. b4 Nd7 19. Bd4 f6 20. Qd3 Qb8 21. Kh1 Ra7 22. Rfd1 Rf7 23. a3 f5 24. exf5 Rxf5 25. Bxg7+ Kxg7 26. Qd4+ 1-0

[Event "Capablanca Memorial op 45th"]
[Site "Havana"]
[Date "2010.06.18"]
[Round "8"]
[White "Alonso Bouza, Julio Javier"]
[Black "Llorente Pupo, Ramon"]
[Result "1-0"]
[WhiteElo "2268"]
[BlackElo "2338"]
[PlyCount "43"]
[EventDate "2010.06.10"]
[EventType "swiss"]
[EventRounds "10"]
[EventCountry "CUB"]
[SourceTitle "CBM 137 Extra"]
[Source "ChessBase"]
[SourceDate "2010.09.01"]
[SourceVersion "1"]
[SourceVersionDate "2010.09.01"]
[SourceQuality "1"]

1. e4 e5 2. Nf3 Nc6 3. Bb5 a6 4. Ba4 Nf6 5. 0-0 b5 6. Bb3 Bc5 7. c3 d6 8. d4 Bb6 9. a4 Rb8 10. axb5 axb5 11. Qd3 0-0 12. Bg5 exd4 13. cxd4 h6 14. Bh4 g5 15. e5 gxh4 16. Qg6+ Kh8 17. Qxh6+ Nh7 18. Bc2 f5 19. exf6 Rf7 20. Ng5 Qf8 21. Nxf7+ Qxf7 22. Bg6 1-0

[Event "Capablanca Memorial op 45th"]
[Site "Havana"]
[Date "2010.06.16"]
[Round "6"]
[White "Quesada Perez, Yasser"]
[Black "Llorente Pupo, Ramon"]
[Result "1/2-1/2"]
[WhiteElo "2582"]
[BlackElo "2338"]
[PlyCount "101"]
[EventDate "2010.06.10"]
[EventType "swiss"]
[EventRounds "10"]
[EventCountry "CUB"]
[SourceTitle "CBM 137 Extra"]
[Source "ChessBase"]
[SourceDate "2010.09.01"]
[SourceVersion "1"]
[SourceVersionDate "2010.09.01"]
[SourceQuality "1"]

1. e4 e5 2. Nf3 Nc6 3. Bb5 a6 4. Ba4 Nf6 5. 0-0 Be7 6. Re1 b5 7. Bb3 0-0 8. d4 Nxd4 9. Nxd4 exd4 10. e5 Ne8 11. c3 dxc3 12. Nxc3 d6 13. Bd5 Rb8 14. Be3 Be6 15. Ba7 Bxd5 16. Bxb8 Bb7 17. Ba7 c5 18. b4 cxb4 19. Nd5 dxe5 20. Nxe7+ Qxe7 21. Rc1 Nc7 22. Qe2 Re8 23. Bc5 Qh4 24. f3 Nd5 25. Qf2 Qg5 26. Be3 Qg6 27. Qg3 Qc6 28. Qf2 f6 29. Bd2 f5 30. Qa7 Ba8 31. Qc5 e4 32. fxe4 fxe4 33. Be3 Bb7 34. Qa7 Qc7 35. Rcd1 Ra8 36. Qc5 Qxc5 37. Bxc5 Rc8 38. Bd4 Nf4 39. Rd2 Nd3 40. Rb1 Bd5 41. Kf1 a5 42. Ke2 Nc1+ 43. Ke3 Nxa2 44. Bb6 Nc3 45. Rc1 Bf7 46. Bxa5 Re8 47. Bxb4 Nd5+ 48. Rxd5 Bxd5 49. Rc7 Re6 50. Bc3 Rg6 51. g3 1/2-1/2

[Event "Capablanca Memorial op 45th"]
[Site "Havana"]
[Date "2010.06.11"]
[Round "2"]
[White "Llorente Pupo, Ramon"]
[Black "Gomez Garrido, Camilo Ernesto"]
[Result "0-1"]
[WhiteElo "2338"]
[BlackElo "2498"]
[PlyCount "74"]
[EventDate "2010.06.10"]
[EventType "swiss"]
[EventRounds "10"]
[EventCountry "CUB"]
[SourceTitle "CBM 137 Extra"]
[Source "ChessBase"]
[SourceDate "2010.09.01"]
[SourceVersion "1"]
[SourceVersionDate "2010.09.01"]
[SourceQuality "1"]

1. e4 c5 2. Nf3 d6 3. d4 cxd4 4. Nxd4 Nf6 5. Nc3 a6 6. Be3 e6 7. g4 b5 8. g5 Nfd7 9. a3 Bb7 10. h4 Nc6 11. h5 Rc8 12. Rg1 Nce5 13. g6 hxg6 14. hxg6 Nxg6 15. Nxe6 fxe6 16. Rxg6 Ne5 17. Rg1 Qf6 18. Be2 Nc4 19. Bh5+ Kd7 20. Bc1 Rc5 21. Bg4 Be7 22. Qf3 Qxf3 23. Bxf3 Bf6 24. Be2 Rh3 25. Bd3 Ne5 26. Ke2 Nf3 27. Rg3 Nd4+ 28. Kf1 Rh1+ 29. Rg1 Rch5 30. Rb1 R1h3 31. Rg3 Rxg3 32. fxg3 Rh2 33. Be3 Nf3 34. Rd1 g5 35. Be2 g4 36. Bf4 Rh1+ 37. Kf2 Bd4+ 0-1

[Event "San Nicolas de Bari-A"]
[Site "San Nicolas de Bari"]
[Date "2009.11.28"]
[Round "5"]
[White "Llorente Pupo, Ramon"]
[Black "Leyva Rivera, Yunier"]
[Result "1-0"]
[WhiteElo "2330"]
[BlackElo "2394"]
[PlyCount "123"]
[EventDate "2009.11.24"]
[EventType "tourn"]
[EventRounds "7"]
[EventCountry "CUB"]
[EventCategory "4"]
[SourceTitle "CBM 133 Extra"]
[Source "ChessBase"]
[SourceDate "2010.01.05"]
[SourceVersion "1"]
[SourceVersionDate "2010.01.05"]
[SourceQuality "1"]

1. e4 e5 2. Nf3 Nc6 3. Bb5 a6 4. Ba4 Nf6 5. 0-0 b5 6. Bb3 Bb7 7. d3 Be7 8. Nc3 0-0 9. Bd2 d6 10. Ne2 Qd7 11. Ng3 Rae8 12. Re1 Bd8 13. a4 Kh8 14. c4 bxc4 15. Bxc4 Nd4 16. Nxd4 exd4 17. Ba2 d5 18. e5 Ng4 19. f4 Ne3 20. Bxe3 dxe3 21. Rxe3 c5 22. Kh1 f6 23. Qc2 fxe5 24. Rxe5 Rxf4 25. Rxe8+ Qxe8 26. Qxc5 Rxa4 27. Rf1 Be7 28. Qc7 Rxa2 29. Qxb7 Bf6 30. Qxd5 Qg8 31. Qd6 Rxb2 32. Qxa6 Ra2 33. Qc6 Qd8 34. Ne4 Ra1 35. Rxa1 Bxa1 36. Ng5 Qf8 37. Nf3 h6 38. Qe4 Bf6 39. d4 Qb4 40. h4 Qc4 41. Kh2 Qc7+ 42. Kh3 Qc8+ 43. Kg3 Qb8+ 44. Kg4 Qc8+ 45. Qf5 Qc4 46. Kh3 Kg8 47. Qe4 Qc8+ 48. Kg3 Qb8+ 49. Kf2 Qb2+ 50. Kg1 Qc1+ 51. Kh2 Qc7+ 52. g3 Kf8 53. Kg2 Qb8 54. g4 Qb2+ 55. Kg3 Qa1 56. g5 hxg5 57. hxg5 Be7 58. Qe6 Bxg5 59. Qc8+ Ke7 60. Qc5+ Kf7 61. Qxg5 Qb1 62. Qf4+ 1-0

[Event "San Nicolas de Bari-A"]
[Site "San Nicolas de Bari"]
[Date "2009.11.24"]
[Round "1"]
[White "Valdes Lopez, Alejandro"]
[Black "Llorente Pupo, Ramon"]
[Result "1-0"]
[WhiteElo "2233"]
[BlackElo "2330"]
[PlyCount "67"]
[EventDate "2009.11.24"]
[EventType "tourn"]
[EventRounds "7"]
[EventCountry "CUB"]
[EventCategory "4"]
[SourceTitle "CBM 133 Extra"]
[Source "ChessBase"]
[SourceDate "2010.01.05"]
[SourceVersion "1"]
[SourceVersionDate "2010.01.05"]
[SourceQuality "1"]

1. e4 e5 2. Nf3 Nc6 3. Bc4 Bc5 4. 0-0 Nf6 5. d3 a6 6. c3 d6 7. b4 Ba7 8. Bg5 h6 9. Be3 0-0 10. Bxa7 Rxa7 11. Nbd2 d5 12. Bb3 Bg4 13. Re1 d4 14. Qc2 dxc3 15. Qxc3 Qe7 16. d4 exd4 17. Nxd4 Qxb4 18. Qxb4 Nxb4 19. e5 Nfd5 20. a3 Nd3 21. Bxd5 Nxe1 22. Rxe1 Rd8 23. Re4 Rxd5 24. Rxg4 Rxe5 25. Kf1 c5 26. N4f3 Rd5 27. Nc4 b5 28. Ne3 Rh5 29. Re4 c4 30. Re8+ Kh7 31. Rc8 f5 32. g3 Rf7 33. Nd5 g5 34. Ne5 1-0